000 00567nam a2200217Ia 4500
003 OSt
005 20220928141558.0
006 a|||||r|||| 00| 0
007 ta
008 220927b |||||||| |||| 00| 0 eng d
024 _a16140
037 _cTextual
040 _aSDCL
_cSDCL
_beng
041 _2eng
_aeng
082 _aO15,1F75,19:g, N9
100 _aJoshi Mathura Dutt
_9501037
245 0 _aNeshadh ka kavya-shashtra adhyana.
260 _c1999
942 _hO15,1F75,19:g, N9
_cTEXL
_2CC
999 _c818494
_d818494